Southville International School and Colleges
Your cart is empty.
  • Cart
  • Lists
    Public lists Eva Luna New books Lux_list list_1
    Your lists Log in to create your own lists
  • Log in to your account
  • Your cookies
  • Search history
Southville International School and Colleges
  • Advanced search
  • Recent comments
  • Most popular
  • Libraries

Log in to your account

Log in with GOOGLE


If you do not have an external account, but do have a local account, you can still log in:

  1. Home
  2. MARC view: Deathman, do not follow me /
Normal view MARC view ISBD view

Deathman, do not follow me / (Record no. 12018)

[ view plain ]
MARC details
000 -LEADER
fixed length control field 00468nam a22001817a 4500
003 - CONTROL NUMBER IDENTIFIER
control field LC
005 - DATE AND TIME OF LATEST TRANSACTION
control field 20160316144807.0
008 - FIXED-LENGTH DATA ELEMENTS--GENERAL INFORMATION
fixed length control field 130924t xxu||||| |||| 00| 0 eng d
020 ## - INTERNATIONAL STANDARD BOOK NUMBER
International Standard Book Number 0590029630
050 ## - LIBRARY OF CONGRESS CALL NUMBER
Classification number PZ 4
Item number .B4698 1968
082 ## - DEWEY DECIMAL CLASSIFICATION NUMBER
Classification number FIC
Item number B43d 1968
100 ## - MAIN ENTRY--PERSONAL NAME
Personal name Bennett, Jay
9 (RLIN) 21472
245 ## - TITLE STATEMENT
Title Deathman, do not follow me /
Statement of responsibility, etc Jay Bennett..
260 ## - PUBLICATION, DISTRIBUTION, ETC. (IMPRINT)
Place of publication, distribution, etc N.Y :
Name of publisher, distributor, etc Scholastic,
Date of publication, distribution, etc 1968.
300 ## - PHYSICAL DESCRIPTION
Extent 144 p. :
Dimensions 18 cm.
942 ## - ADDED ENTRY ELEMENTS (KOHA)
Source of classification or shelving scheme Library of Congress Classification
Koha item type AudioBooks
Holdings
Withdrawn status Lost status Source of classification or shelving scheme Damaged status Home library Current library Shelving location Date acquired Total Checkouts Full call number Barcode Date last seen Copy number Price effective from Koha item type
    Library of Congress Classification   Luxembourg Library Luxembourg Library Fiction Section 09/24/2013   PZ 4 .B4698 1968 10952 09/24/2013 1 09/24/2013 Books

Deathman, do not follow me /

APA

Bennett J., . (1968). Deathman, do not follow me. N.Y: Scholastic.

Chicago

Bennett Jay, . 1968. Deathman, do not follow me. N.Y: Scholastic.

Harvard

Bennett J., . (1968). Deathman, do not follow me. N.Y: Scholastic.

MLA

Bennett Jay, . Deathman, do not follow me. N.Y: Scholastic. 1968.

  • Place hold
  • Print
  • Cite
  • Add to your cart (remove)
  • Save record
    BIBTEX Dublin Core MARCXML MARC (non-Unicode/MARC-8) MARC (Unicode/UTF-8) MARC (Unicode/UTF-8, Standard) MODS (XML) RIS
  • More searches
    Search for this title in:
    Other Libraries (WorldCat) Other Databases (Google Scholar) Online Stores (Bookfinder.com) Open Library (openlibrary.org)

Exporting to Dublin Core...

SOUTHVILLE LIBRARY

Southville International School and Colleges Library

1281 Tropical Ave. Cor. Luxembourg St., BF Homes International, Las Pinas City

Tel. No. 8256374 / 252358 Loc. 117/146

Powered by Koha